00698 2200181 4500245003600000020002200036250001100058100001400069700002100083650001600104005001900120260003900139041001400178084001100192300002300203500028100226336000900507 aDear Past SelfcAoirisukahText a978-602-455-622-8 aCet. 1 aAoirisuka aAgatha Tristanti aNovel Fiksi a20230926110851 aJakartabBhuana Ilmu Populerc2018 aIndonesia a808.83 a168 hlm. :c19 cm. a"Kalau sungguh-sungguh bisa kembali ke masa lalu,apa yang ingin kamu lakukan?"Aku ingin mengubah beberapa hal agar dimasa sekarang atau masa depan tak perlu lago memiliki ingatan akan hal yang menyakitkan dimasa lalu.Aku ingin menghindarkan diriku dimasa lalu dari luka hati." atext